Normal view MARC view
  • Conferencia de revisión de la convención universal sobre derechos de autor

Entry Nombre de Reunión

Number of records used in: 1

001 - NÚMERO DE CONTROL

  • campo de control: 56518

003 - IDENTIFICADOR DE NÚMERO DE CONTROL

  • campo de control: MX-MxUPN

005 - FECHA Y HORA DE LA ÚLTIMA TRANSACCIÓN

  • campo de control: 20250509122123.0

008 - DATOS DE LONGITUD FIJA

  • campo de control de longitud fija: 250509nn acan|aabn n ana d

040 ## - FUENTE DE CATALOGACIÓN

  • Agencia original de catalogación: MX-MxUPN
  • Lenguaje de catalogación: spa

111 2# - ENCABEZAMIENTO - NOMBRE DE REUNIÓN

  • Nombre de reunión o de jurisdicción: Conferencia de revisión de la convención universal sobre derechos de autor
  • Fecha de la reunión : (1971 :
  • Lugar de la reunión: París)

670 ## - FUENTE EN LA QUE SE LOCALIZARON DATOS

  • Cita de la fuente: Informe del relator general, 1971 :
  • Información localizada: (Conferencia de revisión de la convención universal sobre derechos de autor, París, 1971)

902 ## - CATALOGADOR

  • Catalogador: VíctorGodínez/090525